header

Purine and pyrimidine metabolism in man X (Record no. 67006)

MARC details
000 -LEADER
fixed length control field 01652nam a2200361Ia 4500
082 04 - DEWEY DECIMAL CLASSIFICATION NUMBER
Classification number 616.3/9043
245 00 - TITLE STATEMENT
Title Purine and pyrimidine metabolism in man X
260 ## - PUBLICATION, DISTRIBUTION, ETC. (IMPRINT)
Place of publication New York :
Name of publisher Kluwer Academic,
Year of publication c2002.
300 ## - PHYSICAL DESCRIPTION
Number of Pages xvi, 424 p. :
Other physical details ill.
490 1# - SERIES STATEMENT
Series statement Advances in experimental medicine and biology,
500 ## - GENERAL NOTE
General note Proceedings of the Tenth International Symposium on Purine and Pyrimidine Metabolism in Man, held May 14-19, 2000, in Tel-Aviv, Israel.
650 #0 - SUBJECT ADDED ENTRY--TOPICAL TERM
Topical Term Purines
Topical Term Pyrimidines
Topical Term Purines
Topical Term Pyrimidines
700 1# - ADDED ENTRY--PERSONAL NAME
Personal name Zoref-Shani, Esther.
Personal name Sperling, Oded.
856 40 - ELECTRONIC LOCATION AND ACCESS
Uniform Resource Identifier http://site.ebrary.com/lib/rucke/Doc?id=10051612

No items available.

© 2026 Rongo University
Contact us: librarian | system librarian | Rongo university